|
|
|
|
| LEADER |
005730000a22001810004500 |
| 020 |
|
|
|a 10 81 7319 776 8
|
| 082 |
|
|
|a 595.7 IGN
|
| 100 |
|
|
|a Ignacimuthu, S
|9 13776
|
| 100 |
|
|
|a Jayaraj, S
|9 144485
|
| 245 |
|
|
|a Biodiversity and insect pest management
|
| 260 |
|
|
|a Newdelhi, Narosa
|
| 260 |
|
|
|c 2006
|
| 650 |
|
|
|a Biocontrol agents
|9 141809
|
| 650 |
|
|
|a Entomophages
|9 144486
|
| 650 |
|
|
|a Wetland ecosystem
|9 144487
|
| 942 |
|
|
|c BK
|
| 999 |
|
|
|c 179354
|d 179350
|
| 952 |
|
|
|0 0
|1 0
|4 0
|6 595_700000000000000_IGN
|7 0
|9 177850
|a SES
|b SES
|d 2019-05-16
|l 0
|o 595.7 IGN
|p SES02972
|r 2019-05-16
|w 2019-05-16
|y BK
|